Normal view MARC view

Entry Personal Name

Number of records used in: 1

001 - CONTROL NUMBER

  • control field: 1239582

003 - CONTROL NUMBER IDENTIFIER

  • control field: OSt

005 - DATE AND TIME OF LATEST TRANSACTION

  • control field: 20260514122550.0

008 - FIXED-LENGTH DATA ELEMENTS

  • fixed length control field: 260514|| aca||aabn | a|a d

040 ## - CATALOGING SOURCE

  • Original cataloging agency: OSt
  • Transcribing agency: OSt

100 ## - HEADING--PERSONAL NAME

  • Personal name: Jassi Dr.Rubina

670 ## - SOURCE DATA FOUND

  • Source citation: Work cat.: (OSt)1851500: Jassi Dr.Rubina , Clinical Profile of Nail Apparatus Abnormalities in Dermatology Patients
Copyright @ Delhi University Library System